Munkavédelem a mezőgazdasági termelőszövetkezetekben

Elmentve itt :
Bibliográfiai részletek
Szerző: Farkas Miklós
További közreműködők: nincs megadva (Témavezető)
Dokumentumtípus: Szakdolgozat
Megjelent: 1976
Tárgyszavak:
Online Access:http://diploma.bibl.u-szeged.hu/35180
LEADER 00565nta a2200157 i 4500
001 dipl35180
005 20130314094750.0
008 111130s1976 hu om 0|| zxx d
040 |a SZTE Diploma Repozitórium  |b hun 
041 |a zxx 
100 1 |a Farkas Miklós 
245 1 0 |a Munkavédelem a mezőgazdasági termelőszövetkezetekben  |h [elektronikus dokumentum] /  |c Miklós Farkas 
260 |c 1976 
650 4 |a Jogi és igazgatási tanulmányok 
700 1 |a nincs megadva  |e ths 
856 4 0 |u http://diploma.bibl.u-szeged.hu/id/eprint/35180/1/1976_farkas_miklos.pdf  |z Dokumentum-elérés